000 00907nas a2200289 4500
001 BR2011000195
003 BR-BrBNA
005 20231205114358.0
007 ta
008 230509b bl.|||p| |||| 00| 00por d
040 _aBR-BrBNA
_bpor
_cBiblioteca Nacional de Agricultura
041 _a(Pt)
072 _aF01
100 1 _aMontanari Júnior, I.
245 1 _aDomesticação de plantas medicinais
650 _aPLANTA MEDICINAL
650 _aVARIEDADE
650 _aSELEÇÃO
650 _aMÉTODO DE MELHORAMENTO
650 _aMATÉRIA PRIMA VEGETAL
650 _aCOMERCIALIZAÇÃO
650 _aPLANTA SILVESTRE
650 _aFITOTERAPIA
773 0 _tInforme Agropecuário - Empresa Brasileira de Pesquisa Agropecuária de Minas Gerais (Brazil)
_xISSN 0100-3364
_g(Mar-Apr 2010), v. 31(255) p. 52-56
_wBR2011000195
909 _a202311
_bLúcia
_c55
_dLúcia Elande
942 _2AGRIS
_n0
_cANA
999 _c208505
_d208505